000 00572nam a2200205 i 4500
001 6353
003 ES-MaACL
005 20230906144907.0
007 t|
008 890925s1973 gr ||||0| eng d
080 _a1 Platon
080 _a141.131:7/8
100 1 _aCavarnos, Constantine.
_937171
245 1 0 _aPlato's theory of fine art /
_cby Constantine Cavarnos.
260 _aAthens :
_bAstir,
_c[1973]
300 _a98 p. ;
_c21 cm.
600 0 4 _aPlatón-
_xCrítica e interpretación.
_992599
650 4 _aArte-
_xFilosofía.
_910099
852 _aES-MaACL
_jL-13434
999 _c6353
_d6353